000 00326nam a22001457a 4500
008 211012b ||||| |||| 00| 0 eng d
020 _a9780769848938
041 _aeng
080 _26th
_a343.9
082 _a343.9
100 _a16
101 _aKRI
245 _aUnderstanding Criminal Law
_cDressler,J
942 _2udc
_cBK
999 _c58165
_d58165